• 首页
  • 本馆介绍
  • 公告通知
  • 最新文献
  • 馆藏检索
  • 电子资源
  • 读者导购
  • 参考咨询
  • 我的图书馆
  • 登录
  • 详细信息显示
  • 放入我的书架
  • 预约/预借图书
  • 作者相关作品
  • 分类相关作品
  • 丛书相关作品
  • 出版社相关作品

书目信息

  • 表格格式
  • 工作单格式
  • 卡片格式
题名:
安全生产法律法规精讲精练
    
 
作者: 宋大成 主编
分册:  
出版信息: 北京   中国电力出版社  2019
页数: 301页
开本: 26cm
丛书名:
单 册:
中图分类: D922.544 , D922.5
科图分类:
主题词: 安全生产--安全法规--中国--资格考试--自学参考资料
电子资源:
ISBN: 978-7-5198-2136-4
000 00974nam0 2200241 450
001 2335478695
005 20231103095136.19
010    @a978-7-5198-2136-4@dCNY69.80
100    @a20190701d2019 em y0chiy50 ea
101 0  @achi
102    @aCN@b110000
105    @ay zq 000yy
200 1  @a安全生产法律法规精讲精练@9an quan sheng chan fa lv fa gui jing jiang jing lian@f宋大成主编
210    @a北京@c中国电力出版社@d2019
215    @a301页@d26cm
300    @a全国中级注册安全工程师职业资格考试辅导教材 2019电力版
330    @a本书介绍了《中级注册安全工程师职业资格考试大纲》(2019版)在“安全生产法律法规”部分列出的全部法规性文件的内容要点,包括:安全生产法律体系、安全生产单行法律、安全生产相关法律等,并给出了相关模拟试题。
606 0  @a安全生产@x安全法规@y中国@x资格考试@j自学参考资料
690    @aD922.544@v5
690    @aD922.5@v4
701  0 @a宋大成@9song da cheng@4主编
801  0 @aCN@b大连网信软件有限公司图书馆·11@c20231103
905    @aBZT@dD922.5@e14
    
    安全生产法律法规精讲精练/宋大成主编.-北京:中国电力出版社,2019
    301页;26cm
    全国中级注册安全工程师职业资格考试辅导教材 2019电力版
    
    ISBN 978-7-5198-2136-4:CNY69.80
    本书介绍了《中级注册安全工程师职业资格考试大纲》(2019版)在“安全生产法律法规”部分列出的全部法规性文件的内容要点,包括:安全生产法律体系、安全生产单行法律、安全生产相关法律等,并给出了相关模拟试题。
●
相关链接 在五车中查询图书 在当当中查询图书 在豆瓣中查询图书


正题名:安全生产法律法规精讲精练     索取号:D922.5/14         预约/预借

序号 登录号 条形码 馆藏地/架位号 状态 备注
1 2000942457   2000942457   安徽、中教混合/安徽时代(第一批)/94/ [索取号:D922.5/14] 在馆    
2 2000942458   2000942458   安徽、中教混合/安徽时代(第一批)/94/ [索取号:D922.5/14] 在馆    
3 2000942459   2000942459   安徽、中教混合/安徽时代(第一批)/94/ [索取号:D922.5/14] 在馆    
4 2000942460   2000942460   安徽、中教混合/安徽时代(第一批)/94/ [索取号:D922.5/14] 在馆    
5 2000942461   2000942461   安徽、中教混合/安徽时代(第一批)/94/ [索取号:D922.5/14] 在馆    
6 2000942462   2000942462   安徽、中教混合/安徽时代(第一批)/94/ [索取号:D922.5/14] 在馆    
山东省滨州职业学院图书馆 欢迎您!
大连网信软件有限公司© 版权所有